书目信息 |
| 题名: |
Windows 98使用指南
|
|
| 作者: | 曹国钧 主编 | |
| 分册: | ||
| 出版信息: | 杭州 浙江科学技术出版社 1998.11 |
|
| 页数: | 282页 | |
| 开本: | 16开 | |
| 丛书名: | ||
| 单 册: | ||
| 中图分类: | ||
| 科图分类: | ||
| 主题词: | 软件 | |
| 电子资源: | ||
| ISBN: | 7-5341-1184-6 | |
| 000 | 00569nam0 2200205 45 | |
| 001 | 9911011661 | |
| 005 | 20000103153141.3 | |
| 010 | @a7-5341-1184-6@d28.00元 | |
| 100 | @a19991101d1998 km y0chiy0120 ea | |
| 101 | @achi | |
| 105 | @a z 000yy | |
| 200 | 1 | @aWindows 98使用指南@AWindows 98 Shi Yong Zhi Nan@f曹国钧主编@FCao Guo Jun Zhu Bian |
| 210 | @a杭州@c浙江科学技术出版社@d1998.11 | |
| 215 | @a282页@d16开 | |
| 606 | 0 | @a软件 |
| 690 | @v3 | |
| 690 | @aTP316@v3 | |
| 701 | @a曹国钧@4主编 | |
| 801 | @aCN@bPFTUser@c19991101 | |
| 905 | @b48467-469@dTP316@eC345@f3 | |
| Windows 98使用指南/曹国钧主编.-杭州:浙江科学技术出版社,1998.11 |
| 282页;16开 |
| ISBN 7-5341-1184-6:28.00元 |
| ● |
| 相关链接 |
|
|
|
正题名:Windows 98使用指南
索取号:TP316/C345
 
预约/预借
| 序号 | 登录号 | 条形码 | 馆藏地/架位号 | 状态 | 备注 |
| 1 | 48467 | 200484671 | 期刊室512/504自科库 3排4列5层/ [索取号:TP316/C345] | 在馆 | |
| 2 | 48468 | 200484680 | 期刊室512/504自科库 3排4列5层/ [索取号:TP316/C345] | 在馆 | |
| 3 | 48469 | 200484699 | 期刊室512/504自科库 3排4列5层/ [索取号:TP316/C345] | 在馆 |